Christ and the Faiths (Record no. 6244)

MARC details
000 -LEADER
fixed length control field 00616nam a2200241 a 4500
020 ## - INTERNATIONAL STANDARD BOOK NUMBER
ISBN 0281403
082 00 - DEWEY DECIMAL CLASSIFICATION NUMBER
Classification number 291.2
Author Cutter CRA
100 ## - MAIN ENTRY--AUTHOR NAME
Author name Cragg, Kenneth
245 ## - TITLE STATEMENT
Title Christ and the Faiths
Sub title Theology in Cross-Reference.
260 ## - PUBLICATION, DISTRIBUTION, ETC. (IMPRINT)
Place of publication London
Name of publisher SPCK
Year of publication 1986
300 ## - PHYSICAL DESCRIPTION
Number of Pages 360p
500 ## - GENERAL NOTE
General note includes index and biblioraphy
505 2# - FORMATTED CONTENTS NOTE
Formatted contents note Indices
650 ## - SUBJECT ADDED ENTRY--TOPICAL TERM
Topical Term Comparative Religion-Doctrines
942 ## - ADDED ENTRY ELEMENTS (KOHA)
Koha item type Books
700 1# -
-- Cragg, Kenneth
Holdings
Collection code Home library Current library Date acquired Cost, normal purchase price Full call number Accession Number Koha item type
  Henry Martyn Institute Library Henry Martyn Institute Library 07/18/2007 904.50 291.2 CRA 014855 Books
                   Copyright © 2026 | Henry Martyn Institute | Hyderabad | TS-500052 | INDIA | Implemented by hmi.edu.in
Hit-Count:

Powered by Koha